Normal view
MARC view
- Baeker R
Entry Personal Name
001 - CONTROL NUMBER
- control field: 25638
003 - CONTROL NUMBER IDENTIFIER
- control field: OSt
005 - DATE AND TIME OF LATEST TRANSACTION
- control field: 20220803172553.0
008 - FIXED-LENGTH DATA ELEMENTS
- fixed length control field: 220803|| aca||aabn | a|a d
040 ## - CATALOGING SOURCE
- Original cataloging agency: OSt
- Transcribing agency: OSt
100 ## - HEADING--PERSONAL NAME
- Personal name: Baeker R
670 ## - SOURCE DATA FOUND
- Source citation: Work cat.: (OSt)16410: Baeker R, Aquatecture : Buildings And Cities Designed To Live And Work With Water, 2016